000 00426nam a2200157 4500
001 127538
003 ES-MaACL
005 20230906193031.0
007 t|
008 070214s1929 xxu r ||||1| eng d
100 1 _aRietz, Henry Lewis.
_997171
245 1 0 _aMathematical statisties /
_cHenry Lewis Rietz.
260 _aChicago :
_bUniversity Press,
_c1929.
300 _aXI, 181 p. ;
_c19 cm.
852 _aES-MaACL
_jB-12520
999 _c127538
_d127538